| 000 | 01065nam a2200229Ia 4500 | ||
|---|---|---|---|
| 001 | 13866 | ||
| 005 | 20260414171444.0 | ||
| 008 | 260306t2013||||xx |||||||||||||| ||spa|| | ||
| 041 | _aESP | ||
| 082 |
_a005.43 _bC35 |
||
| 100 |
_aCastro Lechtaler, Antonio Ricardo _eAUT |
||
| 245 | 0 |
_aComunicaciones: _buna introducción a las redes digitales de transmisión de datos y señales isócronas |
|
| 260 | _c2013 | ||
| 300 |
_a704 páginas : _c24 cm. |
||
| 650 | _aGEN | ||
| 654 | _aCCC | ||
| 856 |
_uhttps://itmsp.museknowledge.com/UCSP?url=https://www.ebooks7-24.com:443/?il=5340&pg=1 _zVéase además: Introducción a las redes: guía de estudio. Versión digital |
||
| 856 |
_uhttps://0u213wfr1-y-https-ebooks7--24-com.itmsp.museknowledge.com/biblioteca.aspx _zVéase además: Base de datos Ebook7-24 |
||
| 856 |
_uhttps://dl.acm.org/ _zVéase además: Base de datos ACM Digital Library |
||
| 856 |
_uhttps://0u206wfrf-y-https-ieeexplore-ieee-org.itmsp.museknowledge.com/Xplore/home.jsp _zVéase además: Base de datos IEEE Xplore |
||
| 942 |
_cLIB _dJUS _fJUS _2ddc |
||
| 999 |
_c13866 _d13866 |
||